Medical biochemistry : (Record no. 12229)
[ view plain ]
| 000 -LEADER | |
|---|---|
| fixed length control field | 00732nam a22002292 4500 |
| 001 - CONTROL NUMBER | |
| control field | 0000024378 |
| 005 - DATE AND TIME OF LATEST TRANSACTION | |
| control field | 20151217155236.0 |
| 008 - FIXED-LENGTH DATA ELEMENTS--GENERAL INFORMATION | |
| fixed length control field | 130910s xx 000 0 eng d |
| 020 ## - INTERNATIONAL STANDARD BOOK NUMBER | |
| International Standard Book Number | 0470122372 : |
| 040 ## - CATALOGING SOURCE | |
| Original cataloging agency | KABU |
| Transcribing agency | KABU |
| 100 1# - MAIN ENTRY--PERSONAL NAME | |
| Personal name | Rosenthal, Miriam D. |
| -- | 0000184417 |
| 245 10 - TITLE STATEMENT | |
| Title | Medical biochemistry : |
| Remainder of title | human metabolism in health and disease / |
| Statement of responsibility, etc. | Miriam D. Rosenthal, Robert H. Glew. |
| 250 ## - EDITION STATEMENT | |
| Edition statement | 1st ed. |
| 260 ## - PUBLICATION, DISTRIBUTION, ETC. (IMPRINT) | |
| Place of publication, distribution, etc. | Danvers, MA : |
| Name of publisher, distributor, etc. | J. Wiley, |
| Date of publication, distribution, etc. | 2009. |
| 300 ## - PHYSICAL DESCRIPTION | |
| Extent | xi, 426 p. |
| 650 #0 - SUBJECT ADDED ENTRY--TOPICAL TERM | |
| Topical term or geographic name as entry element | Metabolism. |
| -- | 0000180401 |
| 650 #0 - SUBJECT ADDED ENTRY--TOPICAL TERM | |
| Topical term or geographic name as entry element | Metabolism |
| General subdivision | Disorders. |
| -- | 0000184418 |
| 700 1# - ADDED ENTRY--PERSONAL NAME | |
| Personal name | Glew, Robert H. |
| -- | 0000184419 |
| 852 1# - LOCATION | |
| -- | p9446 KES |
| 908 ## - PUT COMMAND PARAMETER (RLIN) | |
| Put command parameter | 130910 |
| 950 ## - LOCAL HOLDINGS (RLIN) | |
| -- | 1 |
| Withdrawn status | Lost status | Source of classification or shelving scheme | Not for loan | Home library | Current library | Date acquired | Total Checkouts | Total Renewals | Full call number | Barcode | Checked out | Date last seen | Date last checked out | Price effective from | Koha item type |
|---|---|---|---|---|---|---|---|---|---|---|---|---|---|---|---|
| Library of Congress Classification | Kabarak, Main Campus | Kabarak, Main Campus | 17/12/2015 | 30 | 2 | QP171 .R67 2009 c. 1 | 016075 | 23/01/2021 | 07/01/2021 | 07/01/2021 | 17/12/2015 | General Collection |